| 000 | 00653nam a2200241 i 4500 | ||
|---|---|---|---|
| 001 | 000043768 | ||
| 003 | DO-SdBNP | ||
| 005 | 20250409140240.0 | ||
| 007 | ta | ||
| 008 | 140428s1990 dr 000 0 spa d | ||
| 040 |
_aDO-SdBNP _bspa _cBNPHU _erda |
||
| 245 | 0 | 0 | _aFormación de maestros en República Dominicana |
| 250 | _a6a. edición | ||
| 264 |
_aSanto Domingo : _bINTEC, _c1990. |
||
| 300 |
_a47 paginas ; _c22 cm. |
||
| 336 |
_2rdacontent _atexto _btxt |
||
| 337 |
_2rdamedia _asin mediación _bn |
||
| 338 |
_2rdacarrier _avolumen _bnc |
||
| 490 |
_aPlan educativo _v6 |
||
| 590 | _aInventariado, 2023/DG | ||
| 910 | _aDG | ||
| 942 |
_2ddc _cLF2 |
||
| 999 |
_c43257 _d43257 |
||